Normal view
MARC view
- التأمين (فقه إسلامي)
Entry Topical Term
001 - CONTROL NUMBER
- control field: 48447
003 - CONTROL NUMBER IDENTIFIER
- control field: JO-AjAnu
005 - DATE AND TIME OF LATEST TRANSACTION
- control field: 20230606082005.0
008 - FIXED-LENGTH DATA ELEMENTS
- fixed length control field: 230606|| aca||aabn | a|a d
040 ## - CATALOGING SOURCE
- Original cataloging agency: JO-AjAnu
- Transcribing agency: JO-AjAnu
150 ## - HEADING--TOPICAL TERM
- Topical term or geographic name entry element: التأمين (فقه إسلامي)
670 ## - SOURCE DATA FOUND
- Source citation: Work cat.: (JO-AjAnu)24785: تأليف داغي، علي محي الدين القره , author 48446, حقيبة طالب العلم الأقتصادية(10): التأمين التكافلي الإسلامي، دراسة فقهية تأصيلية مقارنة بالتأمين التأمين التجاري مع التطبيقات العملية